Caridad y justicia /

Saved in:
Bibliographic Details
Corporate Authors: Semana Social de Chile Santiago, Chile, Instituto Chileno de Estudios Humanísticos
Format: Conference Proceeding Book
Language:English
Published: Santiago de Chile : Instituto Chileno de Estudios Humanisticos , [1976].
Subjects:
LEADER 01064nam a2200253 i 4500
001 c000241111
003 CARM
005 00000000000000.0
008 840306s1976 cl 0 eng d
019 1 |a 1166747  |5 LACONCORD2021 
035 |a (OCoLC)3847943  |5 LACONCORD2021 
082 0 4 |a 261.83 
111 2 |a Semana Social de Chile  |n (5th :  |d 1976 :  |c Santiago, Chile) 
245 1 0 |a Caridad y justicia /  |c Quinta Semana Social de Chile, 1976. 
246 3 |a Title: Quinta Semana Social de Chile, 1976 
260 |a Santiago de Chile :  |b Instituto Chileno de Estudios Humanisticos ,  |c [1976]. 
300 |a 255p. 
504 |a Includes bibliographical references. 
650 0 |a Church and social problems  |x Catholic Church  |x Congresses. 
650 0 |a Social justice  |x Congresses. 
710 2 |a Instituto Chileno de Estudios Humanísticos. 
852 8 |b CARM  |h A2:AQ35A0  |i B07535  |p 0324135  |f BK 
999 f f |i d335027e-0e87-5035-9ca5-31eeada84ab4  |s 18a11b2e-f7ea-5e7e-8e74-06c0e149e896 
952 f f |p Can circulate  |a CAVAL  |b CAVAL  |c CAVAL  |d CARM 1 Store  |e B07535  |f A2:AQ35A0  |h Other scheme  |i book  |m 0324135